[Event "Olimpiada de Khanty-Mansiysk 2010"]
[Site "Khanty-Mansiysk RUS"]
[Date "2010.10.03"]
[Round "11"]
[White "Arias Santana, Mauricio"]
[Black "Perera, W C C."]
[Result "1/2-1/2"]
[WhiteElo "2345"]
[BlackElo "2016"]
[PlyCount "69"]
[EventDate "2010.09.21"]
[EventType "team"]
[EventRounds "11"]
[EventCountry "RUS"]
[Source "lmi"]
[SourceDate "2010.09.21"]
[WhiteTeam "Costa Rica"]
[BlackTeam "Sri Lanka"]
[WhiteTeamCountry "CRI"]
[BlackTeamCountry "SRI"]

1. d4 d6 2. c4 g6 3. e4 Bg7 4. Nf3 Nf6 5. Nc3 O-O 6. Be2 e5 7. d5 Ne8 8. Bg5 f6
9. Bh4 Na6 10. Nd2 g5 11. Bg3 h6 12. O-O f5 13. exf5 Bxf5 14. Bg4 Qc8 15. Bxf5
Qxf5 16. Nde4 Nf6 17. Qe2 Nxe4 18. Nxe4 b6 19. Rab1 Nc5 20. f3 a5 21. Bf2 Nxe4
22. fxe4 Qg6 23. Bg3 h5 24. h3 Rxf1+ 25. Rxf1 Rf8 26. Rd1 Bh6 27. Rf1 Rxf1+ 28.
Kxf1 g4 29. hxg4 hxg4 30. Bh4 Qh5 31. Bd8 Bf4 32. Ke1 Qh1+ 33. Qf1 Qh7 34. Qd3
Qh1+ 35. Qf1 1/2-1/2

[Event "Olimpiada de Khanty-Mansiysk 2010"]
[Site "Khanty-Mansiysk RUS"]
[Date "2010.10.03"]
[Round "11"]
[White "Koggala, W S V K."]
[Black "Valdes, Leonardo"]
[Result "1/2-1/2"]
[WhiteElo "2026"]
[BlackElo "2429"]
[PlyCount "61"]
[EventDate "2010.09.21"]
[EventType "team"]
[EventRounds "11"]
[EventCountry "RUS"]
[Source "lmi"]
[SourceDate "2010.09.21"]
[WhiteTeam "Sri Lanka"]
[BlackTeam "Costa Rica"]
[WhiteTeamCountry "SRI"]
[BlackTeamCountry "CRI"]

1. d4 Nf6 2. Nf3 g6 3. Bf4 Bg7 4. e3 d6 5. h3 O-O 6. Be2 c5 7. c3 cxd4 8. exd4
Be6 9. Nbd2 Qb6 10. c4 Qxb2 11. Rb1 Qxa2 12. Rxb7 d5 13. c5 Nc6 14. Bb5 Rfc8
15. Bxc6 Rxc6 16. O-O Ne4 17. Rxe7 Nc3 18. Qe1 Bf8 19. Ne5 Rcc8 20. Nxg6 hxg6
21. Rxe6 Qc2 22. Re3 a5 23. Qa1 Qxd2 24. Qxc3 Qxc3 25. Rxc3 Bg7 26. Be5 Bxe5
27. dxe5 d4 28. Rc4 a4 29. Ra1 a3 30. Rxd4 Rxc5 31. Rd3 1/2-1/2

[Event "Olimpiada de Khanty-Mansiysk 2010"]
[Site "Khanty-Mansiysk RUS"]
[Date "2010.10.03"]
[Round "11"]
[White "Gonzalez, Bernal"]
[Black "Weerawardane, R."]
[Result "1-0"]
[WhiteElo "2423"]
[BlackElo "2165"]
[PlyCount "69"]
[EventDate "2010.09.21"]
[EventType "team"]
[EventRounds "11"]
[EventCountry "RUS"]
[Source "lmi"]
[SourceDate "2010.09.21"]
[WhiteTeam "Costa Rica"]
[BlackTeam "Sri Lanka"]
[WhiteTeamCountry "CRI"]
[BlackTeamCountry "SRI"]

1. f4 d5 2. Nf3 Nf6 3. g3 c5 4. Bg2 Nc6 5. d3 e6 6. O-O Be7 7. Nc3 d4 8. Ne4
Nd5 9. Bd2 f5 10. Nf2 Bf6 11. Qc1 O-O 12. c4 Nc7 13. a3 a5 14. Rb1 Qe7 15. Re1
e5 16. e4 dxe3 17. Rxe3 Qd6 18. fxe5 Nxe5 19. Nxe5 Bxe5 20. Bc3 Bd4 21. Bxd4
Qxd4 22. Re7 Qd6 23. Qg5 Ne6 24. Bd5 Qxd5 25. Rxg7+ Nxg7 26. cxd5 Ra6 27. Qe7
f4 28. d6 Nf5 29. Qg5+ Kh8 30. Ne4 fxg3 31. hxg3 h6 32. Qf4 Rg8 33. Qe5+ Rg7
34. Rf1 Rc6 35. Rxf5 1-0

[Event "Olimpiada de Khanty-Mansiysk 2010"]
[Site "Khanty-Mansiysk RUS"]
[Date "2010.10.03"]
[Round "11"]
[White "Anuruddha, G C."]
[Black "Ruiz Blais, Sebastian"]
[Result "1/2-1/2"]
[WhiteElo "2144"]
[BlackElo "2172"]
[PlyCount "92"]
[EventDate "2010.09.21"]
[EventType "team"]
[EventRounds "11"]
[EventCountry "RUS"]
[Source "lmi"]
[SourceDate "2010.09.21"]
[WhiteTeam "Sri Lanka"]
[BlackTeam "Costa Rica"]
[WhiteTeamCountry "SRI"]
[BlackTeamCountry "CRI"]

1. d4 Nf6 2. c4 e6 3. g3 c5 4. Nf3 cxd4 5. Nxd4 Bb4+ 6. Bd2 Bc5 7. e3 Qb6 8.
Bc3 Ne4 9. Qb3 Nxc3 10. Qxb6 Bxb6 11. Nxc3 a6 12. O-O-O d6 13. Bg2 Ke7 14. Rd2
Nd7 15. Rhd1 Ne5 16. b3 Rb8 17. h3 Bd7 18. f4 Nc6 19. Nxc6+ Bxc6 20. Bxc6 Bxe3
21. Bf3 b5 22. cxb5 axb5 23. b4 g5 24. Kb2 Bxd2 25. Rxd2 gxf4 26. gxf4 Rhg8 27.
Be2 Rg2 28. Rc2 Rf2 29. Nxb5 Rxf4 30. Kb3 Rh4 31. Rc3 Re4 32. Bf3 Rh4 33. Bc6
d5 34. a4 Rc8 35. Na7 Rc7 36. Nb5 Rc8 37. a5 d4 38. Rc4 Rxh3+ 39. Ka4 d3 40.
Kb3 Rd8 41. Nd4 e5 42. a6 d2+ 43. Kc2 Ra3 44. b5 Rxd4 45. Rxd4 exd4 46. Bb7 Kd6
1/2-1/2

[Event "Olimpiada de Khanty-Mansiysk 2010"]
[Site "Khanty-Mansiysk RUS"]
[Date "2010.10.03"]
[Round "11"]
[White "Minhazuddin, Ahmed"]
[Black "Eid, Fadi"]
[Result "1-0"]
[WhiteElo "2368"]
[BlackElo "2387"]
[PlyCount "117"]
[EventDate "2010.09.21"]
[EventType "team"]
[EventRounds "11"]
[EventCountry "RUS"]
[Source "lmi"]
[SourceDate "2010.09.21"]
[WhiteTeam "Bangladesh"]
[BlackTeam "Líbano"]
[WhiteTeamCountry "BAN"]
[BlackTeamCountry "LBN"]

1. e4 Nc6 2. Nf3 d6 3. d4 Nf6 4. Nc3 Bg4 5. Be2 e5 6. d5 Ne7 7. Be3 Ng6 8. g3
Be7 9. h3 Bd7 10. h4 h6 11. h5 Nf8 12. Nh4 c6 13. Nf5 Qc8 14. g4 Bxf5 15. exf5
N8h7 16. Qd2 c5 17. f4 Nd7 18. Bb5 exf4 19. Bxf4 O-O 20. Bxd7 Qxd7 21. O-O-O
Ng5 22. Kb1 Rfe8 23. Qg2 Bf6 24. Bxg5 hxg5 25. Ne4 Rxe4 26. Qxe4 Qb5 27. c3
Bxc3 28. Qc2 Bf6 29. h6 Re8 30. h7+ Kh8 31. Rhe1 Rc8 32. Re4 Be5 33. Qe2 Qd7
34. Rxe5 dxe5 35. d6 f6 36. Qc4 b6 37. Qe6 Rd8 38. b3 b5 39. Rd5 c4 40. b4 a6
41. Kc2 Qc6 42. d7 Qb7 43. Qg8+ Rxg8 44. hxg8=Q+ Kxg8 45. d8=Q+ Kh7 46. Qd7 Qa8
47. Kc3 a5 48. Qxb5 axb4+ 49. Kxb4 Qxa2 50. Qxc4 Qb2+ 51. Kc5 Qa3+ 52. Kc6 Qa8+
53. Kd7 e4 54. Qxe4 Qb7+ 55. Kd6 Qb6+ 56. Ke7 Qb7+ 57. Kf8 Qa8+ 58. Qe8 Qa3+
59. Qe7 1-0

[Event "Olimpiada de Khanty-Mansiysk 2010"]
[Site "Khanty-Mansiysk RUS"]
[Date "2010.10.03"]
[Round "11"]
[White "Hasan, Mehdi"]
[Black "El Jawich, Amro"]
[Result "0-1"]
[WhiteElo "2322"]
[BlackElo "2105"]
[PlyCount "170"]
[EventDate "2010.09.21"]
[EventType "team"]
[EventRounds "11"]
[EventCountry "RUS"]
[Source "lmi"]
[SourceDate "2010.09.21"]
[WhiteTeam "Bangladesh"]
[BlackTeam "Líbano"]
[WhiteTeamCountry "BAN"]
[BlackTeamCountry "LBN"]

1. e4 c5 2. Nf3 d6 3. d4 cxd4 4. Nxd4 Nf6 5. Nc3 a6 6. Bc4 e6 7. Bb3 b5 8. Qf3
Qc7 9. O-O Be7 10. Qg3 O-O 11. Bh6 Ne8 12. Rad1 Kh8 13. Bg5 Bxg5 14. Qxg5 b4
15. Na4 Nf6 16. f3 Nc6 17. Nxc6 Qxc6 18. Qd2 d5 19. Qxb4 Bb7 20. exd5 Nxd5 21.
Bxd5 exd5 22. Nc3 Rfd8 23. Rd2 a5 24. Qd4 a4 25. a3 Ba6 26. Rfd1 Bc4 27. Ne4 h6
28. Ng3 Rab8 29. Nf5 Qg6 30. Ne3 Rdc8 31. c3 Bb3 32. Re1 Re8 33. Kf2 Rbd8 34.
Rde2 Rd6 35. Ng4 Rxe2+ 36. Rxe2 Re6 37. Ne5 Qf5 38. h3 Kh7 39. g4 Qg5 40. Qd3+
Kg8 41. Qf5 Qh4+ 42. Kg2 Qe7 43. Re3 Qe8 44. g5 g6 45. Qf4 hxg5 46. Qd4 Qe7 47.
Kf2 Qc7 48. Ng4 Rxe3 49. Qxe3 Qf4 50. Qe8+ Kg7 51. Qe3 Qxe3+ 52. Kxe3 f6 53.
Kd4 Kf7 54. Nf2 Ke6 55. Nd3 Kf5 56. Ke3 Bd1 57. Nb4 Bb3 58. Nc6 Bc4 59. Na5 Bb5
60. Nb7 Ke5 61. Nc5 Kd6 62. Kd4 Bc6 63. Nd3 Bd7 64. Nc5 Bxh3 65. Nxa4 g4 66. f4
g3 67. Ke3 Bd7 68. Nb6 Bg4 69. a4 g5 70. f5 Bxf5 71. Kf3 Be4+ 72. Kxg3 f5 73.
a5 f4+ 74. Kg4 Kc6 75. b4 Bd3 76. Na4 Be2+ 77. Kh3 g4+ 78. Kg2 Bf3+ 79. Kf2 Be4
80. Nc5 g3+ 81. Kg1 f3 82. c4 f2+ 83. Kf1 Bf5 84. cxd5+ Kxd5 85. Kg2 Bh3+ 0-1

[Event "Olimpiada de Khanty-Mansiysk 2010"]
[Site "Khanty-Mansiysk RUS"]
[Date "2010.10.03"]
[Round "11"]
[White "Kassis, Antoine"]
[Black "Chatterjee, Debaraj"]
[Result "1/2-1/2"]
[WhiteElo "2236"]
[BlackElo "2288"]
[PlyCount "66"]
[EventDate "2010.09.21"]
[EventType "team"]
[EventRounds "11"]
[EventCountry "RUS"]
[Source "lmi"]
[SourceDate "2010.09.21"]
[WhiteTeam "Líbano"]
[BlackTeam "Bangladesh"]
[WhiteTeamCountry "LBN"]
[BlackTeamCountry "BAN"]

1. e4 d5 2. exd5 Qxd5 3. Nc3 Qa5 4. d4 Nf6 5. Nf3 c6 6. Bc4 Bf5 7. Bd2 e6 8.
Nd5 Qd8 9. Nxf6+ gxf6 10. Bb3 Nd7 11. Qe2 Qc7 12. O-O-O O-O-O 13. Nh4 Bg6 14.
f4 Bd6 15. f5 exf5 16. Qf2 f4 17. Rhf1 Rhe8 18. Bxf4 Bxf4+ 19. Qxf4 Re4 20.
Qxc7+ Kxc7 21. Nf3 Rde8 22. Rf2 Bh5 23. c3 Re3 24. Rdf1 R8e7 25. Nh4 Re1+ 26.
Rxe1 Rxe1+ 27. Kd2 Rb1 28. Ke3 Re1+ 29. Kd2 Rh1 30. h3 Rb1 31. Ke3 Re1+ 32. Kd2
Rb1 33. Ke3 Re1+ 1/2-1/2

[Event "Olimpiada de Khanty-Mansiysk 2010"]
[Site "Khanty-Mansiysk RUS"]
[Date "2010.10.03"]
[Round "11"]
[White "Latorre, Manuel"]
[Black "Van Hoolandt, Patrick"]
[Result "1-0"]
[WhiteElo "2284"]
[BlackElo "2151"]
[PlyCount "85"]
[EventDate "2010.09.21"]
[EventType "team"]
[EventRounds "11"]
[EventCountry "RUS"]
[Source "lmi"]
[SourceDate "2010.09.21"]
[WhiteTeam "Paraguay"]
[BlackTeam "Mónaco"]
[WhiteTeamCountry "PAR"]
[BlackTeamCountry "MNC"]

1. d4 e6 2. Nf3 d5 3. c4 Nf6 4. Bg5 Nbd7 5. e3 Bb4+ 6. Nbd2 c6 7. a3 Be7 8. Bd3
O-O 9. O-O b6 10. cxd5 exd5 11. Qc2 Bb7 12. Ne5 Nxe5 13. dxe5 Ne4 14. Bxe7 Qxe7
15. Nxe4 dxe4 16. Bxe4 g6 17. f4 f6 18. Bxc6 Bxc6 19. Qxc6 Rad8 20. Qc4+ Kh8
21. Rad1 fxe5 22. Qc3 Kg8 23. Qxe5 Qxe5 24. fxe5 Rxf1+ 25. Rxf1 Rd5 26. Rc1
Rxe5 27. Rc8+ Kg7 28. Rc7+ Kf6 29. Rxa7 Rxe3 30. b4 h5 31. Ra6 Kf5 32. a4 Ra3
33. a5 Kf4 34. Rxb6 Ra1+ 35. Kf2 Ra2+ 36. Kf1 Ra1+ 37. Ke2 Ra2+ 38. Kd3 Rxg2
39. a6 Rxh2 40. Rxg6 Ke5 41. Kc4 h4 42. a7 Ra2 43. Rg5+ 1-0

[Event "Olimpiada de Khanty-Mansiysk 2010"]
[Site "Khanty-Mansiysk RUS"]
[Date "2010.10.03"]
[Round "11"]
[White "Gentilleau, Jean-Philippe"]
[Black "Vazquez, Guillermo"]
[Result "1-0"]
[WhiteElo "2182"]
[BlackElo "2166"]
[PlyCount "89"]
[EventDate "2010.09.21"]
[EventType "team"]
[EventRounds "11"]
[EventCountry "RUS"]
[Source "lmi"]
[SourceDate "2010.09.21"]
[WhiteTeam "Mónaco"]
[BlackTeam "Paraguay"]
[WhiteTeamCountry "MNC"]
[BlackTeamCountry "PAR"]

1. Nf3 g6 2. d4 Nf6 3. Bf4 Bg7 4. e3 O-O 5. Be2 d6 6. h3 c5 7. c3 Qb6 8. Qb3
Be6 9. Qxb6 axb6 10. a3 Nc6 11. Nbd2 Bd5 12. O-O Rfe8 13. Bb5 Bxf3 14. Nxf3 Nd5
15. Bg3 Nc7 16. Be2 e5 17. dxe5 dxe5 18. Rfd1 Rad8 19. Nd2 f5 20. Nc4 Nd5 21.
a4 Rd7 22. e4 fxe4 23. Bg4 Rdd8 24. Bh4 Bf6 25. Bxf6 Nxf6 26. Nxb6 Kf7 27. Be2
Rxd1+ 28. Rxd1 Rd8 29. Rxd8 Nxd8 30. Bc4+ Ke7 31. Nd5+ Nxd5 32. Bxd5 b6 33.
Bxe4 Nf7 34. b4 cxb4 35. cxb4 Kd6 36. Kf1 Ng5 37. f3 Ne6 38. Ke2 Nf4+ 39. Kf2
Kc7 40. h4 Kd6 41. g3 Ne6 42. Ke3 Nf8 43. Kd3 Ne6 44. Kc4 Nc7 45. h5 1-0

[Event "Olimpiada de Khanty-Mansiysk 2010"]
[Site "Khanty-Mansiysk RUS"]
[Date "2010.10.03"]
[Round "11"]
[White "Machin, Rivera Mark"]
[Black "Iturrizaga, Eduardo"]
[Result "0-1"]
[WhiteElo "2229"]
[BlackElo "2609"]
[PlyCount "56"]
[EventDate "2010.09.21"]
[EventType "team"]
[EventRounds "11"]
[EventCountry "RUS"]
[Source "lmi"]
[SourceDate "2010.09.21"]
[WhiteTeam "Puerto Rico"]
[BlackTeam "Venezuela"]
[WhiteTeamCountry "PUR"]
[BlackTeamCountry "VEN"]

1. c4 Nf6 2. g3 e6 3. Bg2 d5 4. Nf3 dxc4 5. Qc2 a6 6. O-O Be7 7. Na3 b5 8. b3
cxb3 9. axb3 Bb7 10. Bb2 Nbd7 11. d4 Be4 12. Qd2 O-O 13. Rfc1 Qb8 14. Nc2 c5
15. Nce1 Rd8 16. Nd3 cxd4 17. Nxd4 Bxg2 18. Kxg2 Ne5 19. Nxe5 Qxe5 20. Qd3 Nd5
21. Qf3 Bf6 22. Ra5 Nb4 23. Ba1 Qg5 24. Rc7 Rac8 25. Rxc8 Rxc8 26. Qb7 Qd5+ 27.
Qxd5 exd5 28. Bb2 Bxd4 0-1

[Event "Olimpiada de Khanty-Mansiysk 2010"]
[Site "Khanty-Mansiysk RUS"]
[Date "2010.10.03"]
[Round "11"]
[White "Alvarez, Marquez Johann"]
[Black "Montalvo, Alejandro"]
[Result "1-0"]
[WhiteElo "2414"]
[BlackElo "2250"]
[PlyCount "51"]
[EventDate "2010.09.21"]
[EventType "team"]
[EventRounds "11"]
[EventCountry "RUS"]
[Source "lmi"]
[SourceDate "2010.09.21"]
[WhiteTeam "Venezuela"]
[BlackTeam "Puerto Rico"]
[WhiteTeamCountry "VEN"]
[BlackTeamCountry "PUR"]

1. d4 d5 2. c4 e5 3. dxe5 d4 4. Nf3 Nc6 5. g3 Nge7 6. Bg2 Ng6 7. O-O Ngxe5 8.
Nbd2 Be7 9. Nb3 d3 10. exd3 Qxd3 11. Nxe5 Nxe5 12. Bf4 Qxd1 13. Rfxd1 Nxc4 14.
Rac1 Nxb2 15. Rd2 Bf6 16. Nc5 Bf5 17. g4 Bxg4 18. Ne4 Na4 19. Nxf6+ gxf6 20.
Bxb7 O-O 21. Bxa8 Rxa8 22. Bxc7 Be6 23. a3 Kg7 24. Rd8 Rxd8 25. Bxd8 Nb2 26.
Rc6 1-0

[Event "Olimpiada de Khanty-Mansiysk 2010"]
[Site "Khanty-Mansiysk RUS"]
[Date "2010.10.03"]
[Round "11"]
[White "Vazquez, Reyes Raul"]
[Black "Soto, Paez Oliver"]
[Result "1/2-1/2"]
[WhiteElo "2217"]
[BlackElo "2373"]
[PlyCount "62"]
[EventDate "2010.09.21"]
[EventType "team"]
[EventRounds "11"]
[EventCountry "RUS"]
[Source "lmi"]
[SourceDate "2010.09.21"]
[WhiteTeam "Puerto Rico"]
[BlackTeam "Venezuela"]
[WhiteTeamCountry "PUR"]
[BlackTeamCountry "VEN"]

1. e4 c5 2. Nf3 e6 3. d4 cxd4 4. Nxd4 a6 5. Nc3 b5 6. g3 Bb7 7. Bg2 Ne7 8. O-O
Nbc6 9. Nb3 Ng6 10. f4 Qb6+ 11. Kh1 h5 12. h3 h4 13. g4 b4 14. Ne2 a5 15. Nbd4
Bc5 16. Nxc6 Bxc6 17. f5 Ne5 18. Nf4 Qb7 19. Qe2 Rc8 20. Nd3 Bd4 21. Be3 Bxe3
22. Qxe3 Nxd3 23. cxd3 f6 24. g5 e5 25. Bf3 d5 26. gxf6 gxf6 27. Rg1 dxe4 28.
dxe4 Rd8 29. Rg4 Rd4 30. Rag1 Qb5 31. Be2 Qc5 1/2-1/2

[Event "Olimpiada de Khanty-Mansiysk 2010"]
[Site "Khanty-Mansiysk RUS"]
[Date "2010.10.03"]
[Round "11"]
[White "Semerene, Dumit"]
[Black "Ovalle, Burgos Ramon"]
[Result "1/2-1/2"]
[WhiteElo "2318"]
[BlackElo "2201"]
[PlyCount "34"]
[EventDate "2010.09.21"]
[EventType "team"]
[EventRounds "11"]
[EventCountry "RUS"]
[Source "lmi"]
[SourceDate "2010.09.21"]
[WhiteTeam "Venezuela"]
[BlackTeam "Puerto Rico"]
[WhiteTeamCountry "VEN"]
[BlackTeamCountry "PUR"]

1. Nf3 Nf6 2. g3 g6 3. Bg2 Bg7 4. O-O O-O 5. d4 d6 6. c4 Nc6 7. Nc3 Rb8 8. Qd3
e5 9. d5 Ne7 10. e4 Nd7 11. Be3 Nc5 12. Bxc5 dxc5 13. Rad1 Bg4 14. Qe3 b6 15.
a3 a5 16. Nb5 Nc8 17. Rc1 Nd6 1/2-1/2

[Event "Olimpiada de Khanty-Mansiysk 2010"]
[Site "Khanty-Mansiysk RUS"]
[Date "2010.10.03"]
[Round "11"]
[White "Sanchez, Jorge"]
[Black "Pace, Colin"]
[Result "1/2-1/2"]
[WhiteElo "2163"]
[BlackElo "2161"]
[PlyCount "112"]
[EventDate "2010.09.21"]
[EventType "team"]
[EventRounds "11"]
[EventCountry "RUS"]
[Source "lmi"]
[SourceDate "2010.09.21"]
[WhiteTeam "Panamá"]
[BlackTeam "Malta"]
[WhiteTeamCountry "PAN"]
[BlackTeamCountry "MLT"]

1. e4 c5 2. Nf3 Nc6 3. d4 cxd4 4. Nxd4 g6 5. Nxc6 bxc6 6. Qd4 Nf6 7. e5 Nd5 8.
e6 f6 9. exd7+ Bxd7 10. Nc3 Qb6 11. Qxb6 axb6 12. Bd2 e5 13. O-O-O Bc5 14. Bc4
Be6 15. Ne4 Be7 16. h4 Ra4 17. Bxd5 cxd5 18. Nc3 Ra8 19. a3 Kf7 20. f3 Rhc8 21.
Kb1 d4 22. Ne4 b5 23. h5 g5 24. g4 Bc4 25. Rhe1 Ra7 26. Bb4 Bxb4 27. axb4 Rca8
28. Kc1 Ra1+ 29. Kd2 R1a2 30. Nd6+ Ke6 31. Nxc4 bxc4 32. Rb1 Kd5 33. c3 R8a3
34. Kc1 Ra6 35. Kc2 d3+ 36. Kd2 Re6 37. Re4 f5 38. gxf5 Rf6 39. b5 Rxf5 40. Ke3
Ra5 41. b3 cxb3 42. Rxb3 Ra1 43. b6 Rxf3+ 44. Kxf3 d2 45. c4+ Kc6 46. Rd3 d1=Q+
47. Rxd1 Rxd1 48. Rxe5 Kxb6 49. Rxg5 Rd4 50. Rg4 Kc5 51. Rg7 Rxc4 52. Rxh7 Kd6
53. Kg3 Ke6 54. Rg7 Kf6 55. h6 Rc3+ 56. Kf4 Rc4+ 1/2-1/2

[Event "Olimpiada de Khanty-Mansiysk 2010"]
[Site "Khanty-Mansiysk RUS"]
[Date "2010.10.03"]
[Round "11"]
[White "Gauci, Joseph"]
[Black "Arosemena, Jose Luis"]
[Result "1/2-1/2"]
[WhiteElo "2099"]
[BlackElo "2203"]
[PlyCount "87"]
[EventDate "2010.09.21"]
[EventType "team"]
[EventRounds "11"]
[EventCountry "RUS"]
[Source "lmi"]
[SourceDate "2010.09.21"]
[WhiteTeam "Malta"]
[BlackTeam "Panamá"]
[WhiteTeamCountry "MLT"]
[BlackTeamCountry "PAN"]

1. c4 e5 2. g3 Nf6 3. Bg2 d5 4. cxd5 Nxd5 5. Nc3 Nb6 6. a4 a5 7. Nf3 Nc6 8. O-O
Be7 9. d3 O-O 10. Be3 Be6 11. Bxb6 cxb6 12. Nb5 Qd7 13. Nd2 Bc5 14. Ne4 Nd4 15.
Nxd4 Bxd4 16. Nc3 Rad8 17. Qd2 f5 18. Nb5 f4 19. Nxd4 Qxd4 20. Qc3 fxg3 21.
hxg3 Rc8 22. Qxd4 exd4 23. Rfc1 Rxc1+ 24. Rxc1 Rf7 25. Rb1 Bb3 26. Rc1 Re7 27.
Kf1 Kf7 28. Be4 g6 29. Ke1 Rd7 30. Rc8 Bxa4 31. Rb8 Ke7 32. Rxb7 Rxb7 33. Bxb7
Kd6 34. f4 Bb3 35. Kd2 b5 36. e3 dxe3+ 37. Kxe3 b4 38. d4 a4 39. Kd2 Be6 40.
Bf3 h5 41. Be4 Bf5 42. Bf3 Bg4 43. Be4 Bf5 44. Bf3 1/2-1/2

[Event "Olimpiada de Khanty-Mansiysk 2010"]
[Site "Khanty-Mansiysk RUS"]
[Date "2010.10.03"]
[Round "11"]
[White "Yee, Frank"]
[Black "Infante, Miguel"]
[Result "0-1"]
[WhiteElo "2106"]
[BlackElo "2276"]
[PlyCount "80"]
[EventDate "2010.09.21"]
[EventType "team"]
[EventRounds "11"]
[EventCountry "RUS"]
[Source "lmi"]
[SourceDate "2010.09.21"]
[WhiteTeam "Trinidad y Tobago"]
[BlackTeam "República Dominicana"]
[WhiteTeamCountry "TRI"]
[BlackTeamCountry "DOM"]

1. e4 c6 2. d4 d5 3. Nd2 dxe4 4. Nxe4 Bf5 5. Ng3 Bg6 6. Nf3 Nd7 7. Bd3 e6 8.
O-O Ngf6 9. Re1 Qc7 10. Ne5 O-O-O 11. Qf3 Nxe5 12. dxe5 Bxd3 13. cxd3 Nd5 14.
Bg5 Be7 15. Bxe7 Qxe7 16. Ne4 f5 17. Nd6+ Kb8 18. b4 g5 19. d4 g4 20. Qb3 h5
21. Rab1 f4 22. b5 cxb5 23. Qxb5 Rd7 24. Rec1 f3 25. Qc5 a6 26. Qa5 Rxd6 27.
exd6 Qxd6 28. Qc5 Qd7 29. Re1 Rc8 30. Qa5 Nc3 31. Qe5+ Ka8 32. Rb6 Rc6 33. Rxc6
Qxc6 34. g3 Ne2+ 35. Rxe2 fxe2 36. Qxe2 Qd5 37. a3 Kb8 38. Qe3 Kc7 39. h3 gxh3
40. Kh2 Qg2# 0-1

[Event "Olimpiada de Khanty-Mansiysk 2010"]
[Site "Khanty-Mansiysk RUS"]
[Date "2010.10.03"]
[Round "11"]
[White "Mazara, Adan"]
[Black "Singh, Ravishen"]
[Result "1-0"]
[WhiteElo "2262"]
[BlackElo "2089"]
[PlyCount "149"]
[EventDate "2010.09.21"]
[EventType "team"]
[EventRounds "11"]
[EventCountry "RUS"]
[Source "lmi"]
[SourceDate "2010.09.21"]
[WhiteTeam "República Dominicana"]
[BlackTeam "Trinidad y Tobago"]
[WhiteTeamCountry "DOM"]
[BlackTeamCountry "TRI"]

1. d4 Nf6 2. Nf3 g6 3. Bf4 Bg7 4. e3 O-O 5. Be2 d6 6. h3 a6 7. O-O Nbd7 8. c4
c5 9. Nc3 b6 10. Re1 Bb7 11. d5 Ne8 12. e4 Bc8 13. Qd2 Ne5 14. Bh6 Nxf3+ 15.
Bxf3 Rb8 16. a4 e5 17. dxe6 Bxe6 18. Be2 Bxh6 19. Qxh6 Qf6 20. Rad1 Qg7 21. Qe3
Rb7 22. Rd2 Bd7 23. e5 Qxe5 24. Qxe5 dxe5 25. Bf3 Ra7 26. Rxe5 Be6 27. a5 b5
28. cxb5 axb5 29. Rxc5 Rxa5 30. b4 Ra3 31. Nxb5 Rb3 32. Rd4 Nf6 33. Nc7 Bf5 34.
b5 Rb8 35. Bc6 Kg7 36. Re5 h5 37. Na6 Rc8 38. Nc5 Rb1+ 39. Kh2 Rb2 40. f3 Rb8
41. Rd6 Rh8 42. h4 Rc8 43. Kg3 Rb1 44. Re3 Ng8 45. Nb3 Rb8 46. Nd4 Nh6 47. Rb3
Rxb3 48. Nxb3 Be6 49. Nd4 Kf6 50. Be4 Nf5+ 51. Bxf5 gxf5 52. Kf4 Rb7 53. Ra6
Rd7 54. Ra4 Rb7 55. Rb4 Rb6 56. Rb2 Bd7 57. Ra2 Be6 58. Ra4 Rd6 59. Rb4 Rb6 60.
Ne2 Bd7 61. Nc3 Be6 62. Na4 Rb8 63. b6 Ke7 64. Nc5 Kd6 65. Nxe6 fxe6 66. b7 Kc5
67. Rb2 Kd6 68. Kg5 Ke7 69. Rb6 Kf7 70. Kf4 Kf6 71. g3 Ke7 72. Ke5 Kd7 73. Rd6+
Kc7 74. Rxe6 Kxb7 75. Kxf5 1-0

[Event "Olimpiada de Khanty-Mansiysk 2010"]
[Site "Khanty-Mansiysk RUS"]
[Date "2010.10.03"]
[Round "11"]
[White "Yamada, Kohei"]
[Black "Mukabi, John"]
[Result "1-0"]
[WhiteElo "2071"]
[BlackElo "2074"]
[PlyCount "51"]
[EventDate "2010.09.21"]
[EventType "team"]
[EventRounds "11"]
[EventCountry "RUS"]
[Source "lmi"]
[SourceDate "2010.09.21"]
[WhiteTeam "Japón"]
[BlackTeam "Kenia"]
[WhiteTeamCountry "JPN"]
[BlackTeamCountry "KEN"]

1. e4 e5 2. Nf3 Nf6 3. d4 Nxe4 4. Bd3 d5 5. dxe5 Be7 6. O-O O-O 7. c4 Be6 8.
cxd5 Bxd5 9. Qe2 Nc5 10. Bc2 Qc8 11. Nc3 Be6 12. b4 Nca6 13. a3 c6 14. Nd4 g6
15. Nxe6 Qxe6 16. f4 Nd7 17. Rb1 Bd8 18. Bb3 Qe8 19. Bb2 Bb6+ 20. Kh1 Nc7 21.
Rbd1 Qe7 22. Ne4 Ne8 23. Ng5 Ng7 24. e6 fxe6 25. Nxe6 Nxe6 26. Bxe6+ 1-0

[Event "Olimpiada de Khanty-Mansiysk 2010"]
[Site "Khanty-Mansiysk RUS"]
[Date "2010.10.03"]
[Round "11"]
[White "Luther, Thomas"]
[Black "Amonatov, Farrukh"]
[Result "1/2-1/2"]
[WhiteElo "2545"]
[BlackElo "2602"]
[PlyCount "124"]
[EventDate "2010.09.21"]
[EventType "team"]
[EventRounds "11"]
[EventCountry "RUS"]
[Source "lmi"]
[SourceDate "2010.09.21"]
[WhiteTeam "IPC"]
[BlackTeam "Tayikistán"]
[BlackTeamCountry "TJK"]

1. e4 c5 2. Nf3 d6 3. d4 cxd4 4. Nxd4 Nf6 5. Nc3 g6 6. Be3 Bg7 7. Be2 Nc6 8.
Qd2 Ng4 9. Bxg4 Bxg4 10. f3 Bd7 11. O-O-O Rc8 12. Kb1 Qa5 13. Nb3 Qb4 14. a3
Bxc3 15. Qd3 Qa4 16. Qxc3 Ne5 17. Qd4 Qc6 18. Rc1 f6 19. Qxa7 O-O 20. Qb6 Nc4
21. Qxc6 bxc6 22. Bh6 Rfd8 23. Nd2 Nb6 24. c4 c5 25. h4 Kf7 26. b3 Ra8 27. Ka2
Nc8 28. Nb1 Na7 29. Bd2 Nc6 30. Bc3 f5 31. a4 Rf8 32. Rhe1 Rg8 33. Rc2 g5 34.
hxg5 Rxg5 35. exf5 Bxf5 36. Rf2 Rg3 37. Rh1 Rag8 38. Rh2 Ke8 39. Nd2 Bd3 40.
Kb2 Kd7 41. Nb1 h5 42. Na3 h4 43. Nc2 Bf5 44. Ne3 h3 45. gxh3 Bxh3 46. Nd5 Rf8
47. f4 Bf5 48. Rfg2 Rfg8 49. Rxg3 Rxg3 50. Nb6+ Kc7 51. Nd5+ Kd7 52. Nb6+ Kc7
53. Nd5+ Kb7 54. Re2 e6 55. Nf6 Kc7 56. Rd2 Bd3 57. a5 Kb7 58. f5 exf5 59. Ne8
Ka6 60. Nc7+ Kb7 61. Ne8 Ka6 62. Nc7+ Kb7 1/2-1/2

[Event "Olimpiada de Khanty-Mansiysk 2010"]
[Site "Khanty-Mansiysk RUS"]
[Date "2010.10.03"]
[Round "11"]
[White "Yarmonov, Igor"]
[Black "Djuraev, Sokhib"]
[Result "0-1"]
[WhiteElo "2335"]
[BlackElo "2397"]
[PlyCount "86"]
[EventDate "2010.09.21"]
[EventType "team"]
[EventRounds "11"]
[EventCountry "RUS"]
[Source "lmi"]
[SourceDate "2010.09.21"]
[WhiteTeam "IPC"]
[BlackTeam "Tayikistán"]
[BlackTeamCountry "TJK"]

1. d4 Nf6 2. c4 g6 3. Nc3 Bg7 4. e4 d6 5. Be2 O-O 6. Bg5 Na6 7. Nf3 h6 8. Bf4
e5 9. dxe5 Nh5 10. Be3 dxe5 11. O-O c6 12. Qxd8 Rxd8 13. Rfd1 Be6 14. Rxd8+
Rxd8 15. Bxa7 Nf4 16. Bf1 Bg4 17. Bb6 Ra8 18. Ne1 Bf8 19. f3 Bc8 20. Na4 Ne6
21. Be3 Nd4 22. Nb6 Rb8 23. Nxc8 Rxc8 24. Rd1 Nb4 25. a3 Nbc2 26. Nxc2 Nxc2 27.
Bb6 Nd4 28. c5 Nb3 29. Bc4 Nxc5 30. b4 Na4 31. Be3 Nb2 32. Rc1 Ra8 33. Bf1 Rxa3
34. Bc5 Na4 35. Bxf8 Kxf8 36. Bc4 Ke7 37. Kf2 b5 38. Bf1 Rc3 39. Rd1 Rb3 40. g3
Rxb4 41. Ke3 Rb3+ 42. Kf2 Rb2+ 43. Kg1 Nc3 0-1